000 00727nam a2200253Ia 4500
001 20185
003 DO-CoUTE
005 20260204212608.0
008 220104s9999 dr 000 0 spa d
020 _a978-958-631-717-7
040 _aDO-CoUTE
_bspa
_cDO-CoUTE
041 0 _aspa
082 _a415 C235f
100 1 _aCañón, Ana Lucía
245 1 0 _aFónetica, Fonología y Sintaxis / Ana Lucía Cañón; María Cristina Soler
260 _aBogotá, Colombia : USTA
300 _a164 páginas
490 _aUniversidad Santo Tomas
650 4 _aAlfabeto Fónetico-entonación
700 1 _aSoler, María Cristina
942 _2ddc
_cBK
999 _c21008
_d21008